Online
Catalog

Apertura comercial y sostenibilidad fiscal / (Record no. 37540)

MARC details
000 -CABECERA
campo de control de longitud fija 01169nam a2200265 a 4500
001 - NÚMERO DE CONTROL
campo de control 000038050
005 - FECHA Y HORA DE LA ÚLTIMA TRANSACCIÓN
campo de control 20240315194914.0
008 - DATOS DE LONGITUD FIJA--INFORMACIÓN GENERAL
campo de control de longitud fija 130312s2012 dr abd 001 0 spa d
020 ## - NÚMERO INTERNACIONAL ESTÁNDAR DEL LIBRO
Número Internacional Estándar del Libro 9789945869699
040 ## - FUENTE DE LA CATALOGACIÓN
Centro catalogador/agencia de origen DO-SdBNP
Lengua de catalogación spa
Centro/agencia transcriptor BNPHU
082 ## - NÚMERO DE LA CLASIFICACIÓN DECIMAL DEWEY
Número de clasificación 332.46
Número de documento/Ítem R426a
110 1# - ENTRADA PRINCIPAL--NOMBRE DE ENTIDAD CORPORATIVA
Nombre de entidad corporativa o nombre de jurisdicción como elemento de entrada República Dominicana.
Unidad subordinada Ministerio de Economía, Planificación y Desarrollo.
-- Fondo para el Fomento de la Investigación Económica y Social
9 (RLIN) 64448
245 10 - MENCIÓN DE TÍTULO
Título Apertura comercial y sostenibilidad fiscal /
Mención de responsabilidad, etc. Haroldo Dilla Alfonso ... [et al. ]; prólogo Juan Temístocles Montás ; editor Roberto E. Liz.
260 ## - PUBLICACIÓN, DISTRIBUCIÓN, ETC.
Lugar de publicación, distribución, etc. Santo Domingo :
Nombre del editor, distribuidor, etc. FIES,
Fecha de publicación, distribución, etc. 2012.
300 ## - DESCRIPCIÓN FÍSICA
Extensión 582 p. :
Otras características físicas il., gráfcs., tablas ;
Dimensiones 25 cm.
500 ## - NOTA GENERAL
Nota general Incluye bibliografía y notas al pie de las páginas.
504 ## - NOTA DE BIBLIOGRAFÍA, ETC.
Nota de bibliografía, etc. Bibliografía: p. 561-563.
590 ## - NOTA LOCAL (RLIN)
Nota local Inventariado, 2018/MFF
650 #4 - PUNTO DE ACCESO ADICIONAL DE MATERIA--TÉRMINO DE MATERIA
Término de materia o nombre geográfico como elemento de entrada Política fiscal
Subdivisión geográfica República Dominicana
9 (RLIN) 7390
650 #4 - PUNTO DE ACCESO ADICIONAL DE MATERIA--TÉRMINO DE MATERIA
Término de materia o nombre geográfico como elemento de entrada Política monetaria
Subdivisión geográfica República Dominicana
9 (RLIN) 5998
700 1# - PUNTO DE ACCESO ADICIONAL--NOMBRE DE PERSONA
Nombre de persona Dilla Alfonso, Haroldo
9 (RLIN) 5199
700 1# - PUNTO DE ACCESO ADICIONAL--NOMBRE DE PERSONA
Nombre de persona Montás, Juan Temístocles
Fechas asociadas al nombre 1950-
Término indicativo de función/relación pról.
9 (RLIN) 79676
700 1# - PUNTO DE ACCESO ADICIONAL--NOMBRE DE PERSONA
Nombre de persona Liz, Roberto E.,
Término indicativo de función/relación ed.
9 (RLIN) 37488
910 ## - DATOS DE OPCIÓN DEL USUARIO (OCLC)
Datos de opción del usuario Validado. Control de calidad EMS.
Holdings
Estado de retiro Estado de pérdida Restricciones de uso No para préstamo Código de colección Localización permanente Ubicación/localización actual Ubicación en estantería Fecha de adquisición Número de inventario Total de préstamos Signatura topográfica completa Código de barras Fecha visto por última vez Número de copia Precio válido a partir de Tipo de ítem Koha
        Dominicana de Servicio General General Depósito 12.03.2013 LF1   332.46 R426a 38050-30 25.06.2020 e. 3 25.06.2020 Libro y Folleto Colección Dominicana de Servicio
      Excluido de préstamo Patrimonio Dominicano Patrimonio Dominicano Patrimonio Dominicano Depósito 12.03.2013 LF1   332.46 R426a 38050-10 25.06.2020   25.06.2020 Libro y Folleto Colección Patrimonio Dominicano
      Excluido de préstamo Patrimonio Dominicano Patrimonio Dominicano Patrimonio Dominicano Depósito 12.03.2013 LF1   332.46 R426a 38050-20 25.06.2020 e. 2 25.06.2020 Libro y Folleto Colección Patrimonio Dominicano
  Extraviado     Dominicana de Servicio Patrimonio Dominicano Patrimonio Dominicano Extraviado 06.02.2015 LF1   332.46 R426a 38050-40 25.06.2020 e. 4 25.06.2020 Libro y Folleto Colección Dominicana de Servicio

Powered by Koha